Microwave Devices and Circuits (Record no. 609058)
[ view plain ]
| 000 -LEADER | |
|---|---|
| fixed length control field | 00369nam a22001337a 4500 |
| 020 ## - INTERNATIONAL STANDARD BOOK NUMBER | |
| International Standard Book Number | 9788120306998 |
| 040 ## - CATALOGING SOURCE | |
| Transcribing agency | nust |
| 082 ## - DEWEY DECIMAL CLASSIFICATION NUMBER | |
| Edition number | Third Edition |
| Classification number | 621.38132 |
| Author Mark | LIA |
| 100 ## - MAIN ENTRY--PERSONAL NAME | |
| Personal name | Liao. Y Samuel |
| 9 (RLIN) | 122600 |
| 245 ## - TITLE STATEMENT | |
| Title | Microwave Devices and Circuits |
| 260 ## - PUBLICATION, DISTRIBUTION, ETC. | |
| Place of publication, distribution, etc. | New Delhi: |
| Name of publisher, distributor, etc. | Asoke K. Ghosh, |
| Date of publication, distribution, etc. | 2004. |
| 650 ## - SUBJECT ADDED ENTRY--TOPICAL TERM | |
| Topical term or geographic name entry element | Microwave Devices and Circuits |
| 9 (RLIN) | 91815 |
| 942 ## - ADDED ENTRY ELEMENTS (KOHA) | |
| Source of classification or shelving scheme | |
| Koha item type | Book |
| Withdrawn status | Lost status | Source of classification or shelving scheme | Damaged status | Not for loan | Permanent Location | Current Location | Shelving location | Date acquired | Total Checkouts | Full call number | Barcode | Date last seen | Price effective from | Koha item type |
|---|---|---|---|---|---|---|---|---|---|---|---|---|---|---|
| College of Electrical & Mechanical Engineering (CEME) | College of Electrical & Mechanical Engineering (CEME) | General Stacks | 05/13/2024 | 621.38132 LIA | CEME-40511 | 05/13/2024 | 05/13/2024 | Book |
